000 00534cam a2200193ua 4500
001 6405
008 140705n ii |||gr||||Z||||||eng
020 _a978-81-7758-562-9
040 _cMAIN
082 _a332.0954
245 _aIndian financial system :
_bMarkets,Institutions and services /
_cBy Bharti V. Pathak .
250 _a2nd ed.
260 _aDelhi:
_bPearson,
_c2008.
300 _axiv,732p.
653 _aFinancial economics
653 _aIndian financial system
700 _aPathak,Bharti V.,
_eAuthor.
942 _cBK
999 _c5554
_d5554